| 000 | 00796nam a2200313Ia 4500 | ||
|---|---|---|---|
| 008 | 171025s9999 xx 000 0 und d | ||
| 020 | _a9780071288774 | ||
| 050 | _a338.04 | ||
| 050 | _bD278 2010 | ||
| 100 | _aDeakins, David | ||
| 245 | _aEntrepreneurship and small firms / | ||
| 245 | _cDavid Deakins and Mark Freel. | ||
| 250 | _aFifth edition | ||
| 260 | _aPhilippines : | ||
| 260 | _bMcGraw Hill, | ||
| 260 | _c2010 | ||
| 300 | _axix, 332 pages : | ||
| 300 | _billustrations ; | ||
| 300 | _c25cm. | ||
| 500 | _aIncludes index. | ||
| 650 | _aEntrepreneurship -- | ||
| 650 | _aProduction -- | ||
| 650 | _aSmall business -- | ||
| 650 | _xManagement. | ||
| 650 | _xManagement. | ||
| 650 | _xNew business enterprices. | ||
| 700 | _aFreel, Mark. | ||
| 700 | _aTitle. | ||
| 999 |
_c344537 _d344537 |
||